[Event "Michigan op (Women)"]
[Site "Warren"]
[Date "2004.11.20"]
[Round "4"]
[White "Bish, Ashley"]
[Black "Mathis, Madina"]
[Result "0-1"]
[WhiteElo "609"]
[BlackElo "746"]
[PlyCount "104"]
[EventDate "2004.11.20"]
[EventType "swiss"]
[EventRounds "5"]
[EventCountry "USA"]
[SourceTitle "EXT 2007"]
[Source "ChessBase"]
[SourceDate "2006.11.23"]
[SourceVersion "1"]
[SourceVersionDate "2006.11.23"]
[SourceQuality "1"]

1. e4 e5 2. d3 d6 3. Nf3 Nc6 4. Nc3 Nf6 5. Be3 Bg4 6. Be2 Be7 7. 0-0 0-0 8. b3 d5 9. d4 dxe4 10. Nxe4 Nxe4 11. Qd3 Nd6 12. Rad1 Bxf3 13. Bxf3 Nb4 14. Qd2 Nxa2 15. Ra1 e4 16. Bd1 Nf5 17. Bf4 Bb4 18. Qe2 Nc3 19. Qg4 Nxd4 20. Be5 f6 21. Bf4 g5 22. Be3 Nc6 23. Qf5 Qd5 24. Qg4 Ne5 25. Qh5 Qf7 26. Qh6 Qg6 27. Qh3 g4 28. Qh4 Nxd1 29. Raxd1 Nf3+ 30. gxf3 gxf3+ 31. Qg3 Qxg3+ 32. fxg3 Bd6 33. Rd4 f5 34. Rfd1 f4 35. Rxe4 fxe3 36. Rxe3 Bc5 37. Rdd3 Bxe3+ 38. Rxe3 f2+ 39. Kf1 Rad8 40. Rd3 Rxd3 41. cxd3 c5 42. h4 h5 43. b4 cxb4 44. d4 b3 45. d5 b2 46. d6 b1Q+ 47. Ke2 f1Q+ 48. Ke3 Re8+ 49. Kd2 Qfd1+ 50. Kc3 Qbc2+ 51. Kb4 Qdb1+ 52. Ka3 Qca2# 0-1

[Event "Michigan op (Women)"]
[Site "Warren"]
[Date "2004.11.20"]
[Round "5"]
[White "Tabak, Diana"]
[Black "Bish, Ashley"]
[Result "1-0"]
[WhiteElo "1268"]
[BlackElo "609"]
[PlyCount "49"]
[EventDate "2004.11.20"]
[EventType "swiss"]
[EventRounds "5"]
[EventCountry "USA"]
[SourceTitle "EXT 2007"]
[Source "ChessBase"]
[SourceDate "2006.11.23"]
[SourceVersion "1"]
[SourceVersionDate "2006.11.23"]
[SourceQuality "1"]

1. e4 e5 2. Nf3 Nc6 3. Bc4 Nh6 4. d3 Nd4 5. Ng5 Qe7 6. c3 Nc6 7. Nf3 d6 8. h3 Ng8 9. 0-0 Nf6 10. Bg5 h6 11. Bh4 Bd7 12. Nbd2 Be6 13. Bb5 Qd7 14. Kh2 Ng4+ 15. hxg4 Bxg4 16. d4 exd4 17. cxd4 d5 18. Re1 g6 19. exd5+ Be7 20. dxc6 bxc6 21. Rxe7+ Kd8 22. Rxd7+ Kxd7 23. Bc4 Rhf8 24. Ne5+ Kd6 25. Ne4# 1-0